Poder adquisistivo, veda y sustitutos (Registro nro. 16171)

Detalles MARC
000 -LEADER
fixed length control field 00356 a2200121 4500
001 - CONTROL NUMBER
control field ART_3053
005 - DATE AND TIME OF LATEST TRANSACTION
control field 20260410161712.0
008 - FIXED-LENGTH DATA ELEMENTS--GENERAL INFORMATION
fixed length control field 260409a
100 1# - MAIN ENTRY--PERSONAL NAME
Personal name Reca, Lucio G.
245 10 - TITLE STATEMENT
Title Poder adquisistivo, veda y sustitutos
700 1# - ADDED ENTRY--PERSONAL NAME
Personal name Gaba, Ernesto
773 0# - HOST ITEM ENTRY
Title Desarrollo económico
Related parts - Vol. 13, Nº 50 (jul./sep. 1973)
Record control number REV1174

No hay ítems disponibles.